| 000 | 01472cam a2200361 a 4500 | ||
|---|---|---|---|
| 005 | 20260322212043.0 | ||
| 008 | data | ||
| 010 | _a 2011284965 | ||
| 016 | 7 |
_a015899498 _2Uk |
|
| 020 | _a9780756689704 | ||
| 020 | _a0756689708 | ||
| 040 |
_aBTCTA _beng _cBTCTA _dDLC _dIEP _dAZT _dVP@ _dBDX _dYDXCP _dDLC |
||
| 042 | _alccopycat | ||
| 050 | 0 | 0 |
_aBF121 _b.P815 2012 |
| 092 | _a150 P815 2012 | ||
| 245 | 1 | 4 |
_aThe psychology book / _cCatherine Collin & DK Publishing, Inc. |
| 250 | _a1st American ed. | ||
| 260 |
_aNew York : _bDK Pub., _c2012. |
||
| 300 |
_a352 p. : _bill. (some col.) ; _c25 cm. |
||
| 500 | _a"Big ideas simply explained"-Jacket. | ||
| 504 | _aIncludes bibliographical references and index. | ||
| 520 | _aAll the big ideas, simply explained - an innovative and accessible guide to the study of human nature The Psychology Book clearly explains more than 100 groundbreaking ideas in this fascinating field of science. | ||
| 650 | 0 | _aPsychology. | |
| 650 | 0 |
_aPsychologists _vBiography. |
|
| 650 | 0 |
_aPsychology _xHistory. |
|
| 700 | 1 |
_aCollin, Catherine, _cclinical psychologist. |
|
| 710 | 2 | _aDK Publishing, Inc. | |
| 856 | 4 | 2 |
_3Publisher description _uhttp://www.loc.gov/catdir/enhancements/fy1210/2011284965-d.html |
| 906 |
_a7 _bcbc _ccopycat _d2 _encip _f20 _gy-gencatlg |
||
| 925 | 0 |
_aacquire _b2 shelf copies _xpolicy default |
|
| 955 | _trf10 2012-05-25 copy 2 added | ||
| 001 | data | ||
| 999 |
_c1022 _d1022 |
||